Simulador de circuitos digitales

সংরক্ষণ করুন:
গ্রন্থ-পঞ্জীর বিবরন
প্রধান লেখক: Nájera Carvajal, Rafael Luis
বিন্যাস: গ্রন্থ
প্রকাশিত: 1992
বিষয়গুলি:
ট্যাগগুলো: ট্যাগ যুক্ত করুন
কোনো ট্যাগ নেই, প্রথমজন হিসাবে ট্যাগ করুন!

MARC

LEADER 00000nam a2200000Ia 4500
003 005384
005 20221231144324.0
008 140114s1992 cr a m 000 ||s d
040 |c cru CEDI 
090 |a TFG 2565 
100 |a Nájera Carvajal, Rafael Luis  |9 12535 
245 |a Simulador de circuitos digitales 
260 |c 1992 
300 |a  vi, 62 hojas : ilustraciones ; 27 cm  
500 |a Proyecto de graduación (bachillerato en ingeniería eléctrica)--Universidad de Costa Rica. Facultad de Ingeniería. Escuela de Ingeniería Eléctrica 
650 |x SIMULACION POR COMPUTADORA   |x ELECTRONICA DIGITAL  |9 12536 
942 |c TFG 
999 |c 20145  |d 20145